[Event "37. Activity-Cup"]
[Site "Tennispoint Vienna, 1030 Wien,"]
[Date "2025.04.15"]
[Round "3.7"]
[White "Fischer, Niko Benedikt"]
[Black "Kellner, Peter"]
[Result "1-0"]
[WhiteElo "1384"]
[BlackElo "1200"]
[PlyCount "83"]
[EventDate "2025.04.14"]

1. e4 e5 2. Nf3 Bc5 3. Nxe5 Nf6 4. Nc3 d6 5. Nf3 Bg4 6. Bb5+ c6 7. Ba4 Bxf3 8.
Qxf3 b5 9. Bb3 d5 10. exd5 cxd5 11. Nxd5 Na6 12. Nxf6+ gxf6 13. d3 Nb4 14. Bg5
h6 15. Bxf6 Be7 16. Bxh8 Rc8 17. Qxf7+ Kd7 18. Qe6+ Kc7 19. Be5+ Kb7 20. Rc1
Nc6 21. Bd5 Bg5 22. f4 Bh4+ 23. g3 Be7 24. O-O Bc5+ 25. d4 Be7 26. c3 b4 27. c4
a5 28. c5 a4 29. Ra1 a3 30. bxa3 bxa3 31. Rab1+ Ka6 32. Rb6+ Ka5 33. Rxc6 Rxc6
34. Qxc6 Kb4 35. Rb1+ Kc3 36. Rb3+ Kc2 37. Be4+ Kd2 38. Rd3+ Ke2 39. Rxa3 Qb8
40. Qa6+ Kd2 41. Qd3+ Kc1 42. Qc2# 1-0

[Event "37. Activity-Cup"]
[Site "Tennispoint Vienna, 1030 Wien,"]
[Date "2025.04.15"]
[Round "3.8"]
[White "Kofler, Anton"]
[Black "Schlossnikl, Caroline"]
[Result "0-1"]
[WhiteElo "1200"]
[BlackElo "1375"]
[PlyCount "36"]
[EventDate "2025.04.14"]

1. d4 d5 2. Nc3 Nf6 3. Bf4 c6 4. Nf3 e6 5. e3 Bd6 6. Bxd6 Qxd6 7. Qd2 O-O 8.
O-O-O b5 9. Ne2 a5 10. Nf4 Ne4 11. Qe2 a4 12. Ne5 Nd7 13. Nxd7 Bxd7 14. a3 b4
15. axb4 Qxb4 16. Nh5 a3 17. b3 Qc3 18. Kb1 Qb2# 0-1

[Event "37. Activity-Cup"]
[Site "Tennispoint Vienna, 1030 Wien,"]
[Date "2025.04.15"]
[Round "3.9"]
[White "Geabou-Silveira, Erik-Raphael"]
[Black "Sponer, Moritz"]
[Result "1-0"]
[WhiteElo "1360"]
[BlackElo "1200"]
[PlyCount "53"]
[EventDate "2025.04.14"]

1. e4 e5 2. Nf3 Nc6 3. Bc4 Nf6 4. Ng5 d5 5. exd5 Ne7 6. d6 Ned5 7. dxc7 Qxc7 8.
Bxd5 Nxd5 9. O-O Be7 10. d3 Bxg5 11. Bxg5 O-O 12. Qf3 Bd7 13. Qxd5 Be6 14. Qe4
f6 15. Be3 Qxc2 16. b3 Qb2 17. Nd2 Rfc8 18. Rfb1 Qa3 19. Nc4 Bxc4 20. dxc4 Qf8
21. Qxb7 Qd6 22. Bxa7 Re8 23. Be3 Rad8 24. c5 Qd3 25. h3 Re7 26. Qxe7 Rd7 27.
Qe8# 1-0

[Event "37. Activity-Cup"]
[Site "Tennispoint Vienna, 1030 Wien,"]
[Date "2025.04.15"]
[Round "3.12"]
[White "Leitgeb, Paul"]
[Black "Brenner, Richard"]
[Result "0-1"]
[WhiteElo "1228"]
[BlackElo "1336"]
[PlyCount "130"]
[EventDate "2025.04.14"]

1. e4 e5 2. c3 Nf6 3. f3 d5 4. Ne2 Be6 5. Ng3 g6 6. Be2 Nbd7 7. d4 Bg7 8. Bg5
c6 9. O-O Qb6 10. Bxf6 Bxf6 11. exd5 cxd5 12. Kh1 exd4 13. cxd4 Qxd4 14. Qxd4
Bxd4 15. Nc3 a6 16. Rad1 Bxc3 17. bxc3 f5 18. Rc1 f4 19. c4 fxg3 20. cxd5 Bxd5
21. hxg3 Ke7 22. Rfe1 Kf6 23. g4 Bxa2 24. Rc7 Ne5 25. Rxb7 Rab8 26. Ra7 Rb6 27.
Bxa6 Bc4 28. Bxc4 Nxc4 29. Re4 Nd6 30. Rd4 Ke5 31. Rd1 h5 32. g5 Rd8 33. Ra5+
Ke6 34. Re1+ Kf7 35. Ra7+ Rb7 36. Rea1 Rxa7 37. Rxa7+ Ke6 38. Ra1 Kf5 39. Kh2
Kxg5 40. Rd1 Nf7 41. Re1 h4 42. Kh3 Rd5 43. g3 hxg3 44. Kxg3 Rd4 45. Rg1 Kf5
46. Rf1 g5 47. Kh3 Rd3 48. Kg3 Ne5 49. Kg2 Rd2+ 50. Kg3 Rd3 51. Kf2 Rxf3+ 52.
Ke2 Rxf1 53. Kxf1 Kf4 54. Kf2 Nd3+ 55. Kf1 g4 56. Kg2 Ne1+ 57. Kf2 Nd3+ 58. Kg2
g3 59. Kf1 Kf3 60. Kg1 g2 61. Kh2 Kf2 62. Kh3 g1=Q 63. Kh4 Qg3+ 64. Kh5 Ne5 65.
Kh6 Qg6# 0-1

[Event "37. Activity-Cup"]
[Site "Tennispoint Vienna, 1030 Wien,"]
[Date "2025.04.15"]
[Round "4.1"]
[White "Knittel-Templ, Richard"]
[Black "Hegedüs, Hugo"]
[Result "1-0"]
[WhiteElo "1659"]
[BlackElo "1338"]
[Annotator "Abzug"]
[PlyCount "100"]
[EventDate "2025.04.14"]

1. c4 e5 2. Nc3 Nf6 3. g3 Nc6 4. Bg2 Bb4 5. e3 O-O 6. Nge2 d6 7. O-O Bf5 8. d4
Bxc3 9. bxc3 e4 10. Rb1 Rb8 11. Qa4 Qd7 12. Ba3 $2 Rfe8 $2 13. Nf4 a6 14. Qc2
Ne7 15. c5 d5 16. c4 c6 17. cxd5 Nexd5 18. Nxd5 Nxd5 19. Bb4 Re6 20. Ba5 Rbe8
21. Qb3 R8e7 22. Rb2 Rh6 23. Rfb1 Qc8 24. Qd1 Bh3 25. Qf1 Bg4 26. Rb3 f5 27.
Bd2 Rf6 28. R1b2 Rd7 29. Qb1 Rff7 30. Bf1 Qa8 31. Bc4 Qa7 32. Ba5 h5 33. h4 Kh7
34. Bxd5 cxd5 35. Rb6 Be2 36. Rxe2 f4 37. exf4 Qb8 38. f3 g6 39. fxe4 Rxf4 40.
gxf4 Qxf4 41. Qf1 Qxh4 42. Qg2 Rg7 43. Be1 Qf4 44. exd5 Qxd4+ 45. Bf2 Qd1+ 46.
Re1 Qd2 47. d6 g5 48. Rxb7 h4 49. Rxg7+ Kxg7 50. Bxh4 Kh6 1-0

[Event "37. Activity-Cup"]
[Site "Tennispoint Vienna, 1030 Wien,"]
[Date "2025.04.15"]
[Round "4.2"]
[White "Flaggl, Constantin"]
[Black "Mitu, Robert"]
[Result "0-1"]
[WhiteElo "1347"]
[BlackElo "1468"]
[Annotator "Abzug, Fesselung"]
[PlyCount "54"]
[EventDate "2025.04.14"]

1. e4 c5 2. Nf3 Nc6 3. d4 cxd4 4. Nxd4 e5 5. Nb5 Qf6 6. Nc7+ Kd8 7. Nxa8 Bc5 8.
Qe2 Nd4 9. Qd1 Nb3 10. Qe2 Nxa1 11. h4 Qc6 12. Nc3 Bb4 13. Qd3 Bxc3+ 14. bxc3
b5 15. Bb2 Nxc2+ 16. Qxc2 Qxa8 17. Bxb5 f5 18. f3 fxe4 19. Qxe4 Qxe4+ 20. fxe4
Nf6 21. c4 Nxe4 22. Bxe5 Re8 23. Ke2 Ng3+ 24. Kf3 Nxh1 25. Bxg7 a6 26. Ba4 Bb7+
27. Kg4 Rg8 0-1

[Event "37. Activity-Cup"]
[Site "Tennispoint Vienna, 1030 Wien,"]
[Date "2025.04.15"]
[Round "4.3"]
[White "Wang, Yufan"]
[Black "Penker, Dominic"]
[Result "0-1"]
[WhiteElo "1529"]
[BlackElo "1610"]
[PlyCount "74"]
[EventDate "2025.04.14"]

1. Nf3 e6 2. d4 c5 3. c3 Nc6 4. e3 g6 5. Be2 Bg7 6. O-O Nge7 7. Nbd2 b6 8. Nb3
cxd4 9. exd4 Bb7 10. Bf4 O-O 11. Re1 Rc8 12. Bd3 d6 13. h3 Re8 14. Bb5 a6 15.
Bxc6 Nxc6 16. Rc1 Qc7 17. Rc2 e5 18. Bg3 e4 19. Nfd2 Nxd4 20. Nxd4 Bxd4 21. Nb3
Be5 22. Bxe5 Rxe5 23. Rd2 d5 24. Rd4 Qe7 25. Qd2 f5 26. Qe3 Rf8 27. f4 Re6 28.
Rb4 Qc7 29. Nd4 Ref6 30. Rc1 Qc5 31. Nxf5 Rxf5 32. Qxc5 bxc5 33. Rxb7 Rxf4 34.
Rc7 c4 35. Rd7 Rf2 36. Rb7 e3 37. Re1 e2 0-1

[Event "37. Activity-Cup"]
[Site "Tennispoint Vienna, 1030 Wien,"]
[Date "2025.04.15"]
[Round "4.4"]
[White "Brezlan, Noel"]
[Black "Geabou-Silveira, Erik-Raphael"]
[Result "1-0"]
[WhiteElo "1515"]
[BlackElo "1360"]
[Annotator "Eröffnungsfehler"]
[PlyCount "67"]
[EventDate "2025.04.14"]

1. d4 d5 2. Nf3 Nc6 3. Bf4 Bf5 4. e3 Nf6 5. c4 b6 $2 6. Nc3 e6 7. Be2 Bb4 8.
Qb3 O-O 9. O-O Bxc3 10. Qxc3 Ne4 11. Qb3 g5 12. Bg3 g4 13. Qb5 gxf3 14. gxf3
Nxg3 15. fxg3 Ne7 16. cxd5 Qxd5 17. Qb4 Bg6 18. Qxe7 c5 19. dxc5 bxc5 20. Rfd1
Qe5 21. Kf2 Qh5 22. Qh4 Qxh4 23. gxh4 Rfd8 24. Rg1 Kh8 25. Rad1 Rdb8 26. b3 a5
27. Rc1 Rd8 28. Rxc5 Rd2 29. e4 Rxa2 30. h5 Rd8 31. hxg6 Rdd2 32. g7+ Kg8 33.
Rc8+ Rd8 34. Rxd8# 1-0

[Event "37. Activity-Cup"]
[Site "Tennispoint Vienna, 1030 Wien,"]
[Date "2025.04.15"]
[Round "4.5"]
[White "Tschandl, Julius Henry"]
[Black "Gottfried, Maximilian"]
[Result "1-0"]
[WhiteElo "1474"]
[BlackElo "1328"]
[Annotator "Abtauschkombination"]
[PlyCount "97"]
[EventDate "2025.04.14"]

1. e4 c6 2. d4 d5 3. Nc3 dxe4 4. Nxe4 Bf5 5. Ng3 Bg6 6. Nf3 e6 7. h4 h5 8. Bd3
Bxd3 9. Qxd3 Nf6 10. Bg5 Nbd7 11. O-O-O Be7 12. Qe2 Qa5 13. Kb1 Qb6 14. Qd3
O-O-O 15. Ne4 Nd5 16. Bxe7 Nxe7 17. Nd6+ Kb8 18. Nxf7 Rhf8 19. Nxd8 Rxd8 20.
Qc3 Nd5 21. Qb3 Qa5 22. Rhe1 Re8 23. Ng5 c5 24. Rxe6 Rxe6 25. Nxe6 Ne7 26. dxc5
Nc6 27. Qc3 Qxc3 28. bxc3 Nf6 29. Nxg7 Ne4 30. Kb2 Nxf2 31. Rd5 Na5 32. Ne6 b6
33. cxb6 axb6 34. Rxh5 Nd1+ 35. Kc1 Nxc3 36. Rh8+ Kb7 37. h5 Nxa2+ 38. Kd2 Nb4
39. h6 Nd5 40. Rf8 Nc4+ 41. Kd3 Nd6 42. h7 Nb4+ 43. Ke2 Nf7 44. Rxf7+ Ka6 45.
h8=Q Ka5 46. Rf5+ Ka4 47. Qa1+ Na2 48. Qxa2+ Kb4 49. Qb3# 1-0

[Event "37. Activity-Cup"]
[Site "Tennispoint Vienna, 1030 Wien,"]
[Date "2025.04.15"]
[Round "4.6"]
[White "Knittel-Templ, Arnold"]
[Black "Sammer, Alisa"]
[Result "1-0"]
[WhiteElo "1451"]
[BlackElo "1300"]
[PlyCount "103"]
[EventDate "2025.04.14"]

1. d4 d5 2. Nc3 Nf6 3. Bf4 Bf5 4. e3 e6 5. Bd3 Bg6 6. Nf3 Nc6 7. O-O Bd6 8. Bg3
Qd7 9. Qd2 O-O 10. Rfe1 Rfe8 11. e4 Bb4 12. e5 Ne4 13. Bxe4 Bxe4 14. a3 Bxf3
15. axb4 Bh5 16. Ne2 Bg6 17. c3 a5 18. bxa5 Nxa5 19. Qd1 Nc4 20. Qb3 Qc6 21.
Red1 Rxa1 22. Rxa1 Nd2 23. Qd1 Ne4 24. f3 Nxg3 25. Nxg3 Qb5 26. Qa4 Qxa4 27.
Rxa4 Bc2 28. Rb4 b6 29. c4 Rd8 30. c5 bxc5 31. dxc5 c6 32. Ne2 h6 33. Nd4 Bd3
34. Nxc6 Ra8 35. Nd4 Ra1+ 36. Kf2 Rf1+ 37. Kg3 g5 38. c6 Ba6 39. Rb6 Ra1 40. c7
f5 41. exf6 Kf7 42. Nxe6 Bc8 43. Nd8+ Kf8 44. Rb8 Bf5 45. Ne6+ Kf7 46. c8=Q
Bxe6 47. Qc7+ Kxf6 48. Rf8+ Kg6 49. Qe7 Re1 50. Rf6+ Kh5 51. Qe8+ Bf7 52. Qxf7#
1-0

[Event "37. Activity-Cup"]
[Site "Tennispoint Vienna, 1030 Wien,"]
[Date "2025.04.15"]
[Round "4.7"]
[White "Schlossnikl, Caroline"]
[Black "Fischer, Niko Benedikt"]
[Result "0-1"]
[WhiteElo "1375"]
[BlackElo "1384"]
[Annotator "Freibauer"]
[PlyCount "156"]
[EventDate "2025.04.14"]

1. e4 e5 2. Nf3 Nc6 3. d4 d6 4. Bb5 Qe7 5. d5 a6 6. Bxc6+ bxc6 7. dxc6 Bg4 8.
O-O Nf6 9. Nc3 Rb8 10. Rb1 Qe6 11. h3 Bh5 12. Qd3 Be7 13. Bd2 Rb6 14. Nd5 Nxd5
15. exd5 Qg6 16. Qxg6 Bxg6 17. Rfc1 e4 18. Nd4 Bf6 19. Nb3 O-O 20. Ba5 Rb5 21.
Bxc7 Rxd5 22. Rd1 Rxd1+ 23. Rxd1 Bxb2 24. Rxd6 Be5 25. Rd7 Bxc7 26. Rxc7 Bf5
27. Rb7 e3 28. fxe3 Be4 29. Nd4 h6 30. Rd7 Kh7 31. c7 Rc8 32. Rxf7 Bd5 33. Rd7
Bxa2 34. Kf2 $2 Bc4 35. Kf3 $2 a5 36. Nc6 $2 Bb5 $1 37. Na7 Bxd7 38. Nxc8 Bxc8
39. Ke2 Kg6 40. Kd2 Kf6 41. Kc3 Ke6 42. Kb3 Kd7 43. Ka4 Kxc7 44. Kxa5 Bb7 45.
c4 Bxg2 46. h4 Bf1 47. c5 Kc6 48. Kb4 Bg2 49. Kc4 g5 50. hxg5 hxg5 51. Kd4 g4
52. Ke5 Kxc5 53. Kf4 Bf3 54. Kg3 Kd6 55. Kf4 Ke6 56. Kg3 Ke5 57. Kf2 Ke4 58.
Kg3 Kxe3 59. Kh2 Kf4 60. Kg1 Kg3 61. Kf1 Kh2 62. Kf2 g3+ 63. Kxf3 g2 64. Ke4
g1=Q 65. Ke5 Qg4 66. Kd5 Qf4 67. Kc5 Qe4 68. Kd6 Kg3 69. Kc5 Kf4 70. Kd6 Qe5+
71. Kc6 Kf5 72. Kd7 Kf6 73. Kc8 Qd6 74. Kb7 Ke5 75. Ka8 Qd7 76. Kb8 Kd6 77. Ka8
Kc6 78. Kb8 Qb7# 0-1

[Event "37. Activity-Cup"]
[Site "Tennispoint Vienna, 1030 Wien,"]
[Date "2025.04.15"]
[Round "4.8"]
[White "Hegedüs-Möderndorfer, Theodor"]
[Black "Brenner, Richard"]
[Result "1-0"]
[WhiteElo "1291"]
[BlackElo "1336"]
[Annotator "Zwischenzug"]
[PlyCount "69"]
[EventDate "2025.04.14"]

1. e4 e6 2. d4 d5 3. exd5 exd5 4. Nc3 Nf6 5. Bg5 Be7 6. h3 Bf5 7. Nf3 h6 8. Bh4
c6 9. Bd3 Bxd3 10. Qxd3 Nbd7 11. O-O-O Qc7 12. Rhe1 Nf8 13. Bg3 Qd8 14. Rd2 Ng6
15. Ne5 Nxe5 16. Bxe5 O-O 17. Ne2 Ne4 18. Ng3 Nxd2 19. Kxd2 Bg5+ 20. f4 Bf6 21.
Nh5 Bxe5 22. Rxe5 Re8 23. Qg3 g6 24. Rxe8+ Qxe8 25. Nf6+ Kf8 26. Nxe8 Kxe8 27.
Qe3+ Kd7 28. f5 Re8 29. Qxh6 gxf5 30. Qh5 Ke6 31. g4 fxg4 32. hxg4 Kd6 33. Qxf7
Re7 34. Qf6+ Re6 35. Qd8# 1-0

[Event "37. Activity-Cup"]
[Site "Tennispoint Vienna, 1030 Wien,"]
[Date "2025.04.15"]
[Round "4.14"]
[White "Neuhold, Maximilian"]
[Black "Leitgeb, Paul"]
[Result "1-0"]
[WhiteElo "1200"]
[BlackElo "1228"]
[PlyCount "37"]
[EventDate "2025.04.14"]

1. d4 d5 2. Bf4 f6 3. Nf3 Nc6 4. Bd2 Bg4 5. e3 b6 6. Bb5 Bxf3 7. Bxc6+ Kf7 8.
Qxf3 e6 9. Bxa8 Qxa8 10. O-O a5 11. Re1 Ne7 12. Nc3 Ng6 13. e4 Nh4 14. Qg3 Ng6
15. Qxc7+ Be7 16. exd5 exd5 17. Qxb6 Bd8 18. Qe6+ Kf8 19. Qe8# 1-0

[Event "37. Activity-Cup"]
[Site "Tennispoint Vienna, 1030 Wien,"]
[Date "2025.04.16"]
[Round "5.1"]
[White "Penker, Dominic"]
[Black "Knittel-Templ, Richard"]
[Result "1/2-1/2"]
[WhiteElo "1610"]
[BlackElo "1659"]
[Annotator "Endspiel T+L gegen T mit Bauern"]
[PlyCount "173"]
[EventDate "2025.04.14"]

1. d4 d5 2. Bf4 Nc6 3. Nc3 Bf5 4. e3 e6 5. Nf3 Bb4 6. a3 Ba5 7. Bd3 Bg6 8. O-O
Nf6 9. b4 Bb6 10. Ne2 Bh5 11. Ng3 Ne7 12. c4 dxc4 13. Bxc4 Bxf3 14. Qxf3 Nfd5
15. Rad1 Nxf4 16. Qxf4 Nd5 17. Qg4 Qf6 18. Bd3 h5 19. Qe2 Nc3 20. Qc2 Nxd1 21.
Bb5+ c6 22. Bxc6+ Kf8 23. Bxb7 Rb8 24. Rxd1 Qd8 25. Bf3 g6 26. d5 exd5 27. Rxd5
Qf6 28. Qc4 Kg7 29. Ne4 Qa1+ 30. Rd1 Qxa3 31. Ng5 Rhf8 32. Rd7 Qa1+ 33. Bd1 Qf6
34. Ne6+ Kg8 35. Nxf8 Kxf8 36. Bb3 Qa1+ 37. Qf1 Qxf1+ 38. Kxf1 f5 39. Rf7+ Ke8
40. Rg7 Bd8 41. Rxg6 Rxb4 42. Bc2 a5 43. Ra6 f4 44. Bg6+ Kf8 45. Bxh5 fxe3 46.
fxe3 Rh4 47. Bf3 Rxh2 48. Ke2 Rh1 49. g4 Ra1 50. Bc6 Rg1 51. Kf3 Rf1+ 52. Ke4
Re1 53. Kd4 Rg1 54. Bd7 Rd1+ 55. Ke5 Rxd7 56. e4 Rg7 57. Kf5 Rf7+ 58. Ke5 Bc7+
59. Ke6 Bd8 60. e5 Re7+ 61. Kf5 Rg7 62. Ra8 Ke8 63. Ra6 Rg5+ 64. Kf4 Rg7 65.
Kf5 Rf7+ 66. Kg6 Rf4 67. g5 Rg4 68. Kh6 Rxg5 69. Rxa5 Rg1 70. Ra7 Bg5+ 71. Kh5
Be3 72. Rb7 Rg5+ 73. Kh4 Rxe5 74. Kg4 Bg1 75. Rb1 Re7 76. Rb8+ Kf7 77. Rb5 Ke6
78. Kf4 Bh2+ 79. Kf3 Rf7+ 80. Ke4 Rf4+ 81. Kd3 Rh4 82. Rb6+ Bd6 83. Rb5 Be5 84.
Rb6+ Kf5 85. Rb5 Rh3+ 86. Kc4 Ke4 87. Rb3 1/2-1/2

[Event "37. Activity-Cup"]
[Site "Tennispoint Vienna, 1030 Wien,"]
[Date "2025.04.16"]
[Round "5.2"]
[White "Mitu, Robert"]
[Black "Tschandl, Julius Henry"]
[Result "0-1"]
[WhiteElo "1468"]
[BlackElo "1474"]
[PlyCount "24"]
[EventDate "2025.04.14"]

1. d4 Nf6 2. c4 e6 3. Nc3 d5 4. cxd5 exd5 5. Bg5 Bb4 6. Rc1 h6 7. Bh4 g5 8. Bg3
Ne4 9. e3 h5 10. h4 Bg4 11. Nge2 Nxg3 12. Nxg3 Bxd1 0-1

[Event "37. Activity-Cup"]
[Site "Tennispoint Vienna, 1030 Wien,"]
[Date "2025.04.16"]
[Round "5.3"]
[White "Hegedüs, Hugo"]
[Black "Brezlan, Noel"]
[Result "1-0"]
[WhiteElo "1338"]
[BlackElo "1515"]
[PlyCount "133"]
[EventDate "2025.04.14"]

1. e4 c5 2. Nf3 Nc6 3. Bb5 g6 4. Nc3 Bg7 5. d3 Nf6 6. h3 O-O 7. Bg5 d6 8. Qd2
Bd7 9. O-O-O a6 10. Bxc6 Bxc6 11. e5 Bxf3 12. exf6 exf6 13. gxf3 fxg5 14. Ne4
Qb6 15. c3 Qd8 16. Qxg5 Qxg5+ 17. Nxg5 Bh6 18. f4 Rfe8 19. Kb1 f6 20. Ne4 Bxf4
21. Nxf6+ Kg7 22. Nxe8+ Rxe8 23. Rde1 Rxe1+ 24. Rxe1 Kf6 25. Kc2 b5 26. d4 a5
27. dxc5 dxc5 28. Kd3 Kf5 29. Re7 h5 30. Ke2 Bc1 31. b3 Bf4 32. Ra7 a4 33. bxa4
bxa4 34. Rxa4 g5 35. Kf3 g4+ 36. hxg4+ hxg4+ 37. Kg2 Be5 38. Ra5 Bd6 39. Ra6
Ke6 40. a4 Kd5 41. c4+ Ke6 42. a5 Kd7 43. Rb6 Kc7 44. Rb5 Kc8 45. a6 Bb8 46.
Rxc5+ Kd7 47. Rb5 Kc8 48. Rg5 Kc7 49. Rxg4 Kb6 50. Rg6+ Ka7 51. c5 Ka8 52. Kf3
Ka7 53. Ke4 Ka8 54. Rg8 Ka7 55. Rxb8 Kxb8 56. Kd5 Ka7 57. Kd6 Kb8 58. f4 Kc8
59. c6 Kb8 60. c7+ Kc8 61. a7 Kb7 62. Kd7 Kxa7 63. c8=Q Kb6 64. Qc6+ Ka7 65.
Qb5 Ka8 66. Kc7 Ka7 67. Qb7# 1-0

[Event "37. Activity-Cup"]
[Site "Tennispoint Vienna, 1030 Wien,"]
[Date "2025.04.16"]
[Round "5.4"]
[White "Fischer, Niko Benedikt"]
[Black "Hegedüs-Möderndorfer, Theodor"]
[Result "0-1"]
[WhiteElo "1384"]
[BlackElo "1291"]
[Annotator "Doppelangriff"]
[PlyCount "80"]
[EventDate "2025.04.14"]

1. e4 e6 2. d4 d5 3. e5 f6 4. Nf3 c5 5. c3 Nc6 6. Bb5 Bd7 7. Be3 c4 8. O-O Qb6
9. Ba4 Qxb2 10. Nbd2 Qxc3 11. Rc1 Qa5 12. h3 b5 13. Bc2 Bb4 14. Ra1 Bc3 15. Rb1
fxe5 16. dxe5 Nxe5 $2 17. Nxe5 Bxe5 18. Nf3 $4 Bd6 19. Bd4 Nf6 20. Re1 Kf7 21.
Bxf6 gxf6 22. Ra1 Rae8 23. Qb1 Qc7 24. Bxh7 f5 25. Ng5+ Kf6 26. h4 Be5 27. Qd1
Bxa1 28. Qxa1+ e5 29. f4 Qc5+ 30. Kh1 Qd4 31. Qxd4 exd4 32. Rxe8 Rxe8 33. h5
Rh8 34. Bg6 c3 35. Nf7 Rh7 36. Bxh7 Kxf7 37. Bg6+ Kg7 38. Kh2 c2 39. Kh3 c1=Q
40. g3 Qh1# 0-1

[Event "37. Activity-Cup"]
[Site "Tennispoint Vienna, 1030 Wien,"]
[Date "2025.04.16"]
[Round "5.6"]
[White "Geabou-Silveira, Erik-Raphael"]
[Black "Flaggl, Constantin"]
[Result "1-0"]
[WhiteElo "1360"]
[BlackElo "1347"]
[PlyCount "45"]
[EventDate "2025.04.14"]

1. e4 e5 2. Nc3 Nf6 3. d3 d5 4. exd5 Nxd5 5. Nf3 Bb4 6. Bd2 O-O 7. Nxd5 Bxd2+
8. Qxd2 Qxd5 9. Be2 Nc6 10. O-O Rd8 11. c4 Qe6 12. Qc2 e4 13. dxe4 Nd4 14. Nxd4
Rxd4 15. Bd3 b6 16. e5 g6 17. Qc3 Rd7 18. Be4 Rb8 19. Bd5 Qf5 20. Rfe1 Bb7 21.
e6 Re7 22. exf7+ Kf8 23. Qh8# 1-0

[Event "37. Activity-Cup"]
[Site "Tennispoint Vienna, 1030 Wien,"]
[Date "2025.04.16"]
[Round "5.7"]
[White "Dakhane, Aura"]
[Black "Wang, Yufan"]
[Result "0-1"]
[WhiteElo "1222"]
[BlackElo "1529"]
[PlyCount "86"]
[EventDate "2025.04.14"]

1. d4 Nf6 2. e3 g6 3. Bd3 d5 4. Nd2 Bg7 5. f4 Bg4 6. Ngf3 Nc6 7. c3 Qc8 8. O-O
O-O 9. h3 Bf5 10. Bxf5 Qxf5 11. g4 Qd7 12. Ne5 Nxe5 13. fxe5 Ne8 14. e4 e6 15.
exd5 exd5 16. c4 c5 17. dxc5 Bxe5 18. cxd5 Bd4+ 19. Kh2 Bxc5 20. b3 Qd6+ 21.
Kg2 Qxd5+ 22. Nf3 Qxd1 23. Rxd1 Nd6 24. Bf4 Rfd8 25. Rd3 Ne4 26. Rxd8+ Rxd8 27.
Re1 f5 28. Ng5 Nxg5 29. Bxg5 Rd7 30. Re8+ Kf7 31. Re5 Kg7 32. Rxc5 h6 33. Be3
fxg4 34. hxg4 b6 35. Bd4+ Rxd4 36. Rc7+ Kf6 37. Rxa7 Rxg4+ 38. Kf3 Rg5 39. a4
Ra5 40. Rxa5 bxa5 41. Kf4 Ke6 42. Ke4 Kd6 43. Kd4 Kc6 0-1

[Event "37. Activity-Cup"]
[Site "Tennispoint Vienna, 1030 Wien,"]
[Date "2025.04.16"]
[Round "5.8"]
[White "Boldog, Konstantin"]
[Black "Schlossnikl, Caroline"]
[Result "0-1"]
[WhiteElo "1230"]
[BlackElo "1375"]
[PlyCount "50"]
[EventDate "2025.04.14"]

1. e4 c5 2. Nf3 Nc6 3. Nc3 e5 4. Bb5 d6 5. O-O Nf6 6. d3 Be7 7. Be3 O-O 8. h3
Be6 9. Bc4 d5 10. Bb5 d4 11. Bc4 Bxc4 12. dxc4 dxc3 13. bxc3 Qxd1 14. Raxd1
Nxe4 15. Bd2 Nxd2 16. Rxd2 Rad8 17. Re2 Bf6 18. Rb1 b6 19. a4 Rfe8 20. Rb5 e4
21. Nd2 Bxc3 22. Nxe4 Bd4 23. c3 Be5 24. Ng5 Rd1+ 25. Re1 Rxe1# 0-1

[Event "37. Activity-Cup"]
[Site "Tennispoint Vienna, 1030 Wien,"]
[Date "2025.04.16"]
[Round "5.10"]
[White "Sammer, Alisa"]
[Black "Sponer, Moritz"]
[Result "1-0"]
[WhiteElo "1300"]
[BlackElo "1200"]
[PlyCount "79"]
[EventDate "2025.04.14"]

1. e4 e5 2. Nf3 Nc6 3. Bc4 Nf6 4. Nc3 Bc5 5. d3 d6 6. O-O Be6 7. Bb3 O-O 8. Re1
Re8 9. Be3 b6 10. h3 Bb4 11. Ba4 Bxc3 12. bxc3 Bd7 13. Bg5 h6 14. Bh4 Ne7 15.
Bxd7 Qxd7 16. Bxf6 gxf6 17. d4 d5 18. Qd2 Kg7 19. dxe5 dxe4 20. Qxd7 exf3 21.
gxf3 c5 22. Qg4+ Ng6 23. exf6+ Kxf6 24. Rxe8 Rxe8 25. Rd1 Re6 26. Qa4 Re2 27.
Rd6+ Kg7 28. Qxa7 Rxc2 29. Qxb6 Rxa2 30. Qxc5 Ra1+ 31. Kg2 Nh4+ 32. Kg3 Ng6 33.
Qd4+ f6 34. Qxf6+ Kh7 35. Qxg6+ Kh8 36. Qxh6+ Kg8 37. Qe6+ Kf8 38. Qc8+ Kf7 39.
Qc7+ Ke8 40. Rd8# 1-0

[Event "37. Activity-Cup"]
[Site "Tennispoint Vienna, 1030 Wien,"]
[Date "2025.04.16"]
[Round "6.1"]
[White "Knittel-Templ, Richard"]
[Black "Hegedüs-Möderndorfer, Theodor"]
[Result "1-0"]
[WhiteElo "1659"]
[BlackElo "1291"]
[PlyCount "65"]
[EventDate "2025.04.14"]

1. e4 e5 2. Nf3 Nc6 3. Bc4 Nf6 4. d3 d6 5. h3 Be7 6. Nc3 b6 7. Bb5 Bb7 8. d4
exd4 9. Nxd4 Qd7 10. Be3 a6 11. Bxc6 Bxc6 12. f3 g6 13. Bh6 Bb7 14. a3 c5 15.
Nde2 d5 16. e5 Nh5 17. g4 Bh4+ 18. Kf1 Ng3+ 19. Nxg3 Bxg3 20. Bg7 Rg8 21. Bf6
Bf4 22. Qd3 a5 23. Kg2 Bh6 24. Rad1 d4 25. Ne4 Bxe4 26. Qxe4 Rc8 27. c3 Bg7 28.
cxd4 cxd4 29. Qxd4 Qxd4 30. Rxd4 Bxf6 31. exf6 Rc2+ 32. Kg3 h5 33. Re1+ 1-0

[Event "37. Activity-Cup"]
[Site "Tennispoint Vienna, 1030 Wien,"]
[Date "2025.04.16"]
[Round "6.2"]
[White "Tschandl, Julius Henry"]
[Black "Penker, Dominic"]
[Result "1/2-1/2"]
[WhiteElo "1474"]
[BlackElo "1610"]
[Annotator "Freibauer, indirekte Deckung"]
[PlyCount "102"]
[EventDate "2025.04.14"]

1. e4 e6 2. d4 b6 3. Nc3 Bb7 4. Bc4 Bb4 5. e5 Ne7 6. Nf3 d5 7. Bb3 c5 8. a3
Bxc3+ 9. bxc3 Nbc6 10. Bg5 h6 11. Bh4 Qc7 12. O-O Nf5 13. Bg3 O-O 14. Qd2 Ba6
15. Rfe1 Nxg3 16. hxg3 f6 17. Rad1 c4 18. Ba2 Qe7 19. Nh4 Rf7 20. f4 fxe5 21.
fxe5 Qxa3 22. Ra1 Qe7 23. Bb3 cxb3 24. Rxa6 bxc2 25. Raa1 Rc8 26. Nf3 Qf8 27.
Qxc2 Rxf3 28. gxf3 Nxd4 29. Qd3 Nxf3+ 30. Kg2 Nxe1+ 31. Rxe1 Qc5 32. Re3 Qa3
33. Qg6 Qb2+ 34. Kh3 Qf2 35. Qxe6+ Kh7 36. Qxc8 Qxe3 37. e6 Qg5 38. Qe8 Qf5+
39. Kg2 Qc2+ 40. Kh3 Qf5+ 41. Kg2 Qe4+ 42. Kh3 Qh1+ 43. Kg4 h5+ 44. Kg5 Qc1+
45. Kh4 Qh1+ 46. Kg5 Qf3 47. Qg6+ Kg8 48. Qe8+ Kh7 49. Qg6+ Kg8 50. Qe8+ Kh7
51. Qg6+ Kg8 1/2-1/2

[Event "37. Activity-Cup"]
[Site "Tennispoint Vienna, 1030 Wien,"]
[Date "2025.04.16"]
[Round "6.3"]
[White "Knittel-Templ, Arnold"]
[Black "Hegedüs, Hugo"]
[Result "0-1"]
[WhiteElo "1451"]
[BlackElo "1338"]
[Annotator "Mobilität"]
[PlyCount "104"]
[EventDate "2025.04.14"]

1. Nf3 d5 2. d4 e6 3. e3 a6 4. c4 Bb4+ 5. Nbd2 Nf6 6. Qa4+ Nc6 7. Ne5 Bxd2+ 8.
Bxd2 Bd7 9. Qb3 Rb8 10. Qc2 Nxe5 11. dxe5 Ne4 12. cxd5 exd5 13. Bd3 Nxd2 14.
Qxd2 f6 15. exf6 Qxf6 16. Qc2 Bc6 17. O-O-O g6 18. Rhe1 O-O 19. Re2 Bd7 20. Kb1
c6 21. Ka1 Bf5 22. Bxf5 Qxf5 23. Qxf5 Rxf5 24. g3 Kf7 25. a3 Re8 26. Rdd2 b5
27. Rc2 Rf6 28. Rc3 Ke7 29. e4 Kd7 30. Rce3 Rxe4 31. Rxe4 dxe4 32. Rxe4 Rxf2
33. Rh4 h5 34. h3 Ke6 35. g4 Rf4 36. Kb1 Ke5 37. Kc1 Ke4 38. Kd2 Kf3 39. Kd3 c5
40. Kc3 Kg3 41. gxh5 Kxh4 42. hxg6 Rf3+ 43. Kc2 Rg3 44. g7 Rxg7 45. Kb1 Kxh3
46. Ka2 Rg3 47. Kb1 Kg2 48. Kc2 Kf2 49. Kb1 Ke2 50. Ka1 b4 51. a4 b3 52. a5
Rg1# 0-1

[Event "37. Activity-Cup"]
[Site "Tennispoint Vienna, 1030 Wien,"]
[Date "2025.04.16"]
[Round "6.4"]
[White "Brezlan, Noel"]
[Black "Mitu, Robert"]
[Result "1-0"]
[WhiteElo "1515"]
[BlackElo "1468"]
[Annotator "Freibauern"]
[PlyCount "93"]
[EventDate "2025.04.14"]

1. d4 d6 2. Nf3 Nf6 3. Bf4 g6 4. e3 Bg7 5. Bd3 Nh5 6. Bg3 Bg4 7. Nbd2 Nd7 8.
O-O e5 9. dxe5 Nxe5 10. h3 Nxg3 11. fxg3 Nxf3+ 12. Nxf3 Bxf3 13. Qxf3 Qe7 14.
Qxb7 O-O 15. Qe4 Qxe4 16. Bxe4 Rab8 17. Rab1 Bxb2 18. Bd5 Kg7 19. Kh2 Bf6 20.
g4 Rfe8 21. Rxb8 Rxb8 22. g5 Be5+ 23. g3 Rf8 24. Rb1 f6 25. Rb7 fxg5 26. Rxc7+
Kh6 27. Kg2 Rf5 28. e4 Rf8 29. Rxa7 Rc8 30. Bb3 Rc3 31. a4 Rxg3+ 32. Kf2 Rxb3
33. cxb3 Bd4+ 34. Kg3 Bxa7 35. b4 Kg7 36. a5 Kf6 37. b5 Bb8 38. b6 d5+ 39. Kf3
dxe4+ 40. Kxe4 Bh2 41. a6 Bg1 42. a7 Bxb6 43. a8=Q Kg7 44. Qb7+ Kh6 45. Qxb6
Kh5 46. Qc7 h6 47. Qc8 1-0